Study on growth rate of avian broiler by supplementation of snail menat meal and white amaranth in cp feed at animal experiment station of the royal universiy of agriculture, (សិក្សាលើការលូតលាស់របស់មាន់សាច់ AVIAN ដោយបន្ថែម ម្សៅសាច់ខ្យង និងផ្ទីសស្រស់ទៅលើចំណីក្រុមហ៊ុន ស៊ី​ ភី​ នៅក្នុងស្ថានីយ៍ចិញ្ចឹមសត្វ នៃសាកលវិទ្យាល័យភូមិន្ទកសិកម្ម) (Record no. 2403)

000 -LEADER
fixed length control field 00973nam a22001337a 4500
040 ## - CATALOGING SOURCE
Transcribing agency RUA
082 ## - DEWEY DECIMAL CLASSIFICATION NUMBER
Classification number AVM KON 2010 B092 Or.1
100 ## - MAIN ENTRY--AUTHOR NAME
Personal name KON SOKUN
245 ## - TITLE STATEMENT
Title Study on growth rate of avian broiler by supplementation of snail menat meal and white amaranth in cp feed at animal experiment station of the royal universiy of agriculture, (សិក្សាលើការលូតលាស់របស់មាន់សាច់ AVIAN ដោយបន្ថែម ម្សៅសាច់ខ្យង និងផ្ទីសស្រស់ទៅលើចំណីក្រុមហ៊ុន ស៊ី​ ភី​ នៅក្នុងស្ថានីយ៍ចិញ្ចឹមសត្វ នៃសាកលវិទ្យាល័យភូមិន្ទកសិកម្ម)
260 ## - PUBLICATION, DISTRIBUTION, ETC. (IMPRINT)
Place of publication phnom penh
Name of publisher rua
Year of publication 2010
300 ## - PHYSICAL DESCRIPTION
Number of Pages ix, 41p.
Other physical details ill.
Dimensions 29cm.
856 ## - ELECTRONIC LOCATION AND ACCESS
Uniform Resource Identifier https://drive.google.com/file/d/1r0buEtZG_gyphuB6zeyfGZ1tKXFNWiv2/view?usp=sharing
942 ## - ADDED ENTRY ELEMENTS (KOHA)
Koha item type AVM
952 ## - LOCATION AND ITEM INFORMATION (KOHA)
Withdrawn status [LOCAL, KOHA] 0
952 ## - LOCATION AND ITEM INFORMATION (KOHA)
Withdrawn status [LOCAL, KOHA] 0
952 ## - LOCATION AND ITEM INFORMATION (KOHA)
Withdrawn status [LOCAL, KOHA] 0
952 ## - LOCATION AND ITEM INFORMATION (KOHA)
Withdrawn status [LOCAL, KOHA] 0
952 ## - LOCATION AND ITEM INFORMATION (KOHA)
Withdrawn status [LOCAL, KOHA] 0
Holdings
Permanent Location Date acquired Koha item type Lost status Shelving location Barcode Current Location Full call number
Library Block B2015-10-20AVM B092RUA015395Library Block BAVM KON 2010 B092 Or.1
Library Block B2015-10-20AVM B092RUA015323Library Block BAVM KON 2010 B092 Or.2
Library Block B2015-10-20AVM B092RUA019353Library Block BAVM KON 2010 B092 Or.3
Library Block B2015-10-20AVM B092RUA019226Library Block BAVM KON 2010 B092 Or.4
Library Block B2015-10-28AVM B092rua015788Library Block BAVM KON 2010 B092 Or.5
មជ្ឈមណ្ឌលឯការនៃសាកលវិទ្យាល័យភូមិន្ទកសិកម្មចំការដូង

Powered by Koha